01260nab a22002297a 4500003000400000005001700004008004100021040000700062100003000069245015900099260007300258300001500331500003700346505016400383505013900547505008200686650001800768650002200786650003300808700003900841773015000880OSt20251222115821.0190429b xxu||||| |||| 00| 0 spa d cPJ aAlvarez, María Gabriela10aCrímenes de lesa humanidad : bel lavado de dinero durante la última dictadura cívico militar /cMaría Gabriela Alvarez, Guido Adrián Palacín. cCiudad Autónoma de Buenos Aires :aThomson Reuters La Ley, b2025. ap. 165-170 aCita: TR LALEY AR/DOC/1628/2025. aSumario: I. Introducción.— II. Resumen de los hechos.— III. Cómo los crímenes de la dictadura se transforman en activos legales.— IV. Conclusión. aFallo comentado: TOral Crim. Fed., Mar del Plata ~ 12/06/2024 ~ S., M. L. y otros s/ infracción art. 303 inc. 1° del Cód. Penal. tSi te interesa el texto completo, solicitalo a koha@justierradelfuego.gov.ar  0aDERECHO PENAL 0aLAVADO DE ACTIVOS 0aCRÍMENES DE LESA HUMANIDAD aPalacín, Guido Adriánecoautor0 02658tRevista de derecho penal y criminología. Nº 7 - Agosto 2025dCiudad Autónoma de Buenos Aires : Thomson Reuters La Ley, 2017-x00347914